000
00287nam a22001217a 4500
008
171030b xxu||||| |||| 00| 0 eng d
041
_a
eng
080
_a
336
100
_a
56
101
_a
FIN
245
_a
BENEFIT COST ANALYSES OF SOCIAL REGULATION
_c
MILLER.J.C
942
_2
udc
_c
BK
999
_c
36302
_d
36302